| 000 | 00580nam a2200241 a 4500 | ||
|---|---|---|---|
| 001 | nice12345678 | ||
| 003 | IN_TiNIC | ||
| 005 | 20260116013605.0 | ||
| 008 | 050524s1983 newa grp 000 0 eng | ||
| 020 |
_a0139062 _c188 |
||
| 082 | 0 | 0 |
_a200.1 _bHIC |
| 100 | _aHick, John H | ||
| 245 | _aPhilosophy of Religion | ||
| 260 |
_aNew Jersey _bPrentice-Hall _c1983 |
||
| 300 | _a148p | ||
| 500 | _aincludes index and biblioraphy | ||
| 505 | 2 | _aIndex | |
| 650 | _aReligion-Philosophy | ||
| 700 | 1 | _aHick, John H | |
| 902 | _bSRS | ||
| 942 | _cBK | ||
| 999 |
_c11574 _d11574 |
||